000 00630nam a2200229 i 4500
001 bgj
100 1 _aDIYANNI, Robert.
245 1 0 _aLiterature :
_breading fiction, poetry, drama, and the essay /
_cRobert DiYanni.
250 _a2nd edition.
260 _aNew York [etc.] :
_bMcGraw-Hill Publishing Company,
_cc. 1990.
300 _aXXVIII, 1746 pp ;
_c24 cm.
505 _aIncludes index.
650 9 _aLiterature
650 9 _aLiterature
655 _aCollections
020 _a0075571129
040 _cBPK
041 0 _aeng
920 _a0-07-557112-9
942 _cKS
008 s uk f |000 0 eng
999 _c47657
_d47657
856 _uhttp://koha.tu.koszalin.pl/cgi-bin/koha/opac-detail.pl?biblionumber=47657
_yKatalog online BPK